US Capitals by State Abbreviations Quiz Stats

 Plays Quiz Updated Apr 24, 2013

Score 0/50 Timer 04:00
8 Plays Today
State Abbreviation Capital % Correct
TXAustin
79.6%
CASacramento
78.9%
NYAlbany
78.4%
GAAtlanta
78.1%
CODenver
78%
OKOklahoma City
77.5%
UTSalt Lake City
77.4%
HIHonolulu
77.1%
AZPhoenix
77%
FLTallahassee
75.9%
INIndianapolis
75.6%
LABaton Rouge
74.1%
TNNashville
73.9%
MABoston
73.9%
IDBoise
73.3%
OHColumbus
73%
ARLittle Rock
72.7%
NJTrenton
72.6%
DEDover
72.6%
ILSpringfield
72.2%
RIProvidence
71.4%
NVCarson City
71.1%
NCRaleigh
70.6%
ORSalem
70.5%
PAHarrisburg
70.1%
State Abbreviation Capital % Correct
WIMadison
69.8%
MNSt. Paul
69.2%
KSTopeka
69.1%
AKJuneau
69.1%
WAOlympia
68.8%
CTHartford
68.6%
VARichmond
68.7%
IADes Moines
67.9%
SDPierre
67.8%
NMSanta Fe
67.6%
MTHelena
67.5%
MDAnnapolis
67.4%
WYCheyenne
67.4%
MILansing
67%
KYFrankfort
65.7%
MSJackson
65.3%
NELincoln
65%
VTMontpelier
64.9%
MEAugusta
64.7%
SCColumbia
63.5%
ALMontgomery
62.8%
WVCharleston
62.7%
NDBismarck
61.5%
MOJefferson City
59.6%
NHConcord
58.5%

You're not logged in!

Compare scores with friends on all Sporcle quizzes.
OR
Log In

Sporcle TV

Today on Sporcle TV


Watch our educational content, quiz creation guides, and fun videos on Sporcle TV.

Show Comments

Extras

Top Quizzes Today


Score Distribution

Your Account Isn't Verified!

In order to create a playlist on Sporcle, you need to verify the email address you used during registration. Go to your Sporcle Settings to finish the process.

Report this User

Report this user for behavior that violates our Community Guidelines.

Details: